[Event "ICS rated standard match"]
[Site "204.178.125.65"]
[Date "2000.09.23"]
[Round "?"]
[White "bellegga"]
[Black "Hossa"]
[Result "0-1"]
[WhiteElo "1901"]
[BlackElo "2372"]
[PlyCount "54"]
[EventDate "2000.??.??"]

1. d4 d5 2. c4 e6 3. Nc3 Nf6 4. Nf3 Be7 5. e3 O-O 6. Be2 c5 7. O-O Nc6 8. cxd5
exd5 9. dxc5 Bxc5 10. a3 Be6 11. Bd2 d4 12. exd4 Nxd4 13. Nxd4 Qxd4 14. Qc2 Qh4
15. g3 Qh3 16. Bf3 Ng4 17. Bxg4 Bxg4 18. Qe4 Rad8 19. Bf4 b6 20. b4 Bd4 21.
Rac1 Rfe8 22. Qg2 Qh5 23. Nb5 Qxb5 24. Rc7 Qh5 25. Qc6 Bh3 26. Rc1 Bxf2+ 27.
Kxf2 Qe2+ {bellegga resigns} 0-1

[Event "ICS Rated standard match"]
[Site "204.178.125.65"]
[Date "2000.09.23"]
[Round "?"]
[White "Hossa"]
[Black "bellegga"]
[Result "1-0"]
[WhiteElo "2374"]
[BlackElo "1899"]
[PlyCount "65"]
[EventDate "2000.??.??"]

1. Nf3 d6 2. d4 Nf6 3. e3 c5 4. dxc5 Qa5+ 5. Nc3 Ne4 6. cxd6 exd6 7. Qd5 Qxd5
8. Nxd5 Kd8 9. Bd3 Nc5 10. Be2 Be6 11. c4 Bxd5 12. cxd5 Be7 13. Bd2 Bf6 14. Rb1
Nbd7 15. O-O Re8 16. Bb5 a6 17. Be2 Nb6 18. Ba5 Ncd7 19. Bd3 Ke7 20. Rfc1 Rac8
21. Be4 Rxc1+ 22. Rxc1 Kf8 23. Bf5 g6 24. Bxd7 Nxd7 25. Rc7 Ne5 26. Bb4 Nxf3+
27. gxf3 Bxb2 28. Bxd6+ Kg8 29. Be7 b5 30. d6 Be5 31. d7 Bxc7 32. dxe8=Q+ Kg7
33. Qf8# {bellegga checkmated} 1-0

[Event "ICS rated standard match"]
[Site "204.178.125.65"]
[Date "2000.09.23"]
[Round "?"]
[White "bellegga"]
[Black "Hossa"]
[Result "0-1"]
[WhiteElo "1897"]
[BlackElo "2376"]
[PlyCount "54"]
[EventDate "2000.??.??"]

1. d4 d5 2. c4 e6 3. Nc3 Nf6 4. Nf3 Be7 5. e3 O-O 6. Be2 c5 7. O-O Nc6 8. Bd2
cxd4 9. Nxd4 Nxd4 10. exd4 dxc4 11. Bxc4 Qxd4 12. Bb3 Rd8 13. Be3 Qh4 14. Qf3
Bd6 15. g3 Qh3 16. Rad1 Ng4 17. Qg2 Qxg2+ 18. Kxg2 Nxe3+ 19. fxe3 b6 20. Kg1
Ba6 21. Rf2 Bc5 22. Rxd8+ Rxd8 23. Rc2 Bxe3+ 24. Kg2 Bd3 25. Kf3 Bxc2 26. Bxc2
Bc1 27. b3 Rc8 {bellegga resigns} 0-1

[Event "ICS rated blitz match"]
[Site "204.178.125.65"]
[Date "2000.09.23"]
[Round "?"]
[White "PostModernist"]
[Black "Hossa"]
[Result "1/2-1/2"]
[WhiteElo "2689"]
[BlackElo "2574"]
[PlyCount "123"]
[EventDate "2000.??.??"]

1. e4 d5 2. exd5 Qxd5 3. Nf3 Nc6 4. Nc3 Qe6+ 5. Be2 Nf6 6. d4 Qd6 7. Nb5 Qd8 8.
Ne5 e6 9. O-O h6 10. Be3 Nxe5 11. dxe5 Nd5 12. Qd3 a6 13. Nc3 Nxe3 14. Qxe3 Qg5
15. f4 Qe7 16. Ne4 Bd7 17. c4 Qh4 18. Rad1 Bb4 19. a3 Bf8 20. Rd3 Bc6 21. Qd4
Rd8 22. Qxd8+ Qxd8 23. Rxd8+ Kxd8 24. Rd1+ Kc8 25. Bf3 Be7 26. Kf2 Ba4 27. Rd4
Bb3 28. Be2 Rd8 29. Ke3 a5 30. Rxd8+ Kxd8 31. Kd3 Kc8 32. Bf3 f5 33. exf6 gxf6
34. g3 f5 35. Nd2 Ba4 36. Nb1 Bf6 37. b4 axb4 38. axb4 c6 39. Nd2 e5 40. fxe5
Bxe5 41. Be2 b5 42. c5 f4 43. Nf3 Bb8 44. gxf4 Bxf4 45. Nd4 Bxh2 46. Bf3 Bg3
47. Bxc6 Be1 48. Bxb5 Bxb5+ 49. Nxb5 Bxb4 50. c6 h5 51. Ke4 h4 52. Kf4 Be1 53.
Kg4 Bg3 54. Kh3 Kd8 55. Kg2 Be5 56. Kf3 h3 57. c7+ Kc8 58. Nd4 Kxc7 59. Ne6+
Kc6 60. Ng5 h2 61. Kg2 h1=Q+ 62. Kxh1 {
Game drawn because neither player has mating material} 1/2-1/2

[Event "ICS rated blitz match"]
[Site "204.178.125.65"]
[Date "2000.09.23"]
[Round "?"]
[White "Hossa"]
[Black "PostModernist"]
[Result "1/2-1/2"]
[WhiteElo "2579"]
[BlackElo "2684"]
[PlyCount "134"]
[EventDate "2000.??.??"]

1. d4 Nf6 2. Nf3 g6 3. c4 Bg7 4. g3 c6 5. Bg2 O-O 6. O-O d5 7. cxd5 cxd5 8. Nc3
Nc6 9. Bf4 e6 10. Rc1 Bd7 11. Bd6 Re8 12. Qd2 Ne4 13. Nxe4 dxe4 14. Ne5 f5 15.
Rc5 Bc8 16. Nc4 Nxd4 17. Rd1 Nc6 18. Qe1 Bd7 19. Bf4 Qe7 20. Bd6 Qf6 21. Rb5 b6
22. Rb3 Rec8 23. f3 exf3 24. exf3 Re8 25. f4 Qf7 26. Rbd3 e5 27. Nxe5 Nxe5 28.
Bxe5 Bxe5 29. fxe5 Be6 30. Bxa8 Rxa8 31. Rd8+ Rxd8 32. Rxd8+ Kg7 33. Qc3 f4 34.
b3 Qf5 35. Rd1 fxg3 36. hxg3 h5 37. Rf1 Qe4 38. Re1 Qg4 39. Re3 h4 40. Qc7+ Kh6
41. Qc1 g5 42. Qe1 h3 43. Qd2 Qf5 44. Kh2 Kg7 45. g4 Qf4+ 46. Kxh3 Bc8 47. Qe1
Qxg4+ 48. Kh2 Qh5+ 49. Kg1 Bb7 50. Qg3 Qd1+ 51. Kf2 Qd2+ 52. Kf1 Ba6+ 53. Kg1
Qd1+ 54. Re1 Qd4+ 55. Qf2 Qg4+ 56. Kh2 Qh5+ 57. Kg3 Qh4+ 58. Kf3 Qf4+ 59. Kg2
Bb7+ 60. Kf1 Ba6+ 61. Kg1 Qg4+ 62. Kh2 Qh5+ 63. Kg3 Qh4+ 64. Kf3 Qf4+ 65. Kg2
Bb7+ 66. Kf1 Ba6+ 67. Kg1 Qg4+ {Game drawn by repetition} 1/2-1/2

[Event "ICS rated blitz match"]
[Site "204.178.125.65"]
[Date "2000.09.23"]
[Round "?"]
[White "PostModernist"]
[Black "Hossa"]
[Result "1-0"]
[WhiteElo "2679"]
[BlackElo "2584"]
[PlyCount "175"]
[EventDate "2000.??.??"]

1. e4 e5 2. Bc4 Nf6 3. d3 Nc6 4. Nf3 Bc5 5. Nc3 O-O 6. h3 a6 7. O-O d6 8. a3
Be6 9. Bxe6 fxe6 10. b4 Bd4 11. Bb2 Qe7 12. Qd2 Bb6 13. Ne2 Nd7 14. a4 Qf7 15.
b5 Ne7 16. Qg5 a5 17. Bc3 Ng6 18. Rfd1 h6 19. Qg3 Nf6 20. h4 Nh5 21. Qg4 Ngf4
22. Nxf4 Nxf4 23. Re1 Nh5 24. Rad1 Bc5 25. d4 exd4 26. Bxd4 Bxd4 27. Rxd4 e5
28. Rdd1 b6 29. Ra1 Kh8 30. c3 Rae8 31. Kh2 Nf4 32. Rf1 Qc4 33. Rfe1 Rf7 34.
Re3 Nd5 35. Ree1 Nxc3 36. Rac1 Qb4 37. h5 Nxa4 38. Qg6 Ref8 39. Rb1 Qc5 40. Re2
Nc3 41. Rc2 Nxb1 42. Rxc5 bxc5 43. Qe6 Rf4 44. Qa2 Nc3 45. Qxa5 Nxe4 46. Qxc7
R8f5 47. b6 Rxh5+ 48. Kg1 Kh7 49. b7 Rf8 50. b8=Q Rxb8 51. Qxb8 d5 52. g4 Rh3
53. Kg2 Rxf3 54. Kxf3 Nf6 55. Qxe5 c4 56. Qe6 Kg6 57. Qc8 Kf7 58. Kf4 Ng8 59.
Qd7+ Kf8 60. Qd8+ Kf7 61. Qxd5+ Kf8 62. Qf5+ Nf6 63. Qc5+ Kf7 64. Qxc4+ Kg6 65.
Qc2+ Kf7 66. g5 hxg5+ 67. Kxg5 Ng8 68. Qc4+ Kf8 69. Kg6 Ne7+ 70. Kh7 g5 71. Qg4
Kf7 72. Qxg5 Ke6 73. f4 Nc6 74. Qg6+ Kd7 75. Qxc6+ Kxc6 76. f5 Kd6 77. f6 Ke6
78. Kg6 Kd7 79. f7 Ke7 80. Kg7 Ke6 81. f8=Q Kd5 82. Qb4 Ke5 83. Qd2 Ke6 84. Qd4
Kf5 85. Qe3 Kg4 86. Kg6 Kh4 87. Kf5 Kh5 88. Qg5# {Hossa checkmated} 1-0

[Event "ICS rated blitz match"]
[Site "204.178.125.65"]
[Date "2000.09.23"]
[Round "?"]
[White "Hossa"]
[Black "Valg"]
[Result "1-0"]
[WhiteElo "2572"]
[BlackElo "2492"]
[PlyCount "68"]
[EventDate "2000.??.??"]

1. e4 e5 2. Nf3 Nc6 3. Bc4 Nf6 4. Ng5 Bc5 5. Nxf7 Bxf2+ 6. Kf1 Qe7 7. Nxh8 d5
8. exd5 Nd4 9. d6 Qf8 10. Bf7+ Kd7 11. Kxf2 cxd6 12. c3 Nc6 13. d4 Qxh8 14. Rf1
e4 15. Kg1 Kc7 16. Na3 Qf8 17. Bd5 Qe7 18. Bg5 e3 19. Nb5+ Kb6 20. Bxf6 gxf6
21. Qb3 e2 22. Rfe1 Qe3+ 23. Kh1 h6 24. Nxd6+ Kc7 25. Nb5+ Kb8 26. Qa3 Qe7 27.
Rxe2 Qxa3 28. Nxa3 Kc7 29. Re8 Rb8 30. Rf1 Kd7 31. Rh8 Ne7 32. Rh7 b5 33. Rxf6
Rb6 34. Rff7 Kd6 {Valg resigns} 1-0

[Event "ICS Rated blitz match"]
[Site "204.178.125.65"]
[Date "2000.09.23"]
[Round "?"]
[White "Hossa"]
[Black "PostModernist"]
[Result "0-1"]
[WhiteElo "2584"]
[BlackElo "2683"]
[PlyCount "82"]
[EventDate "2000.??.??"]

1. d4 Nf6 2. Nf3 g6 3. c4 Bg7 4. g3 d5 5. cxd5 Nxd5 6. e4 Nb6 7. Bg2 O-O 8. O-O
Nc6 9. d5 Na5 10. Nc3 c6 11. Re1 Re8 12. Bg5 h6 13. Bc1 cxd5 14. exd5 e6 15.
Rb1 exd5 16. Rxe8+ Qxe8 17. Nxd5 Bf5 18. Ra1 Rd8 19. Nh4 Nxd5 20. Nxf5 gxf5 21.
Bxd5 Qe6 22. Be3 Rxd5 23. Qe2 f4 24. gxf4 Nc6 25. Re1 Rd8 26. b3 Qg6+ 27. Kh1
Re8 28. Qd1 Qe4+ 29. f3 Qf5 30. Re2 Qe6 31. Qg1 Qh3 32. Qf2 Re6 33. a3 Nd4 34.
Bxd4 Bxd4 35. Qxd4 Rxe2 36. Qd8+ Kg7 37. Qd4+ f6 38. Qg1+ Kf7 39. Qg3 Qf1+ 40.
Qg1 Qxf3+ 41. Qg2 Qxg2# {Hossa checkmated} 0-1

[Event "ICS rated blitz match"]
[Site "204.178.125.65"]
[Date "2000.09.23"]
[Round "?"]
[White "Valg"]
[Black "Hossa"]
[Result "1-0"]
[WhiteElo "2480"]
[BlackElo "2572"]
[PlyCount "84"]
[EventDate "2000.??.??"]

1. d4 d5 2. c4 e6 3. Nc3 Nf6 4. Bg5 Be7 5. e3 O-O 6. Nf3 Nbd7 7. Rc1 c6 8. Bd3
dxc4 9. Bxc4 Nd5 10. Bxe7 Qxe7 11. O-O Nxc3 12. Rxc3 e5 13. Qc2 exd4 14. exd4
Nb6 15. Re3 Qd8 16. Bb3 Nd5 17. Re5 f6 18. Bxd5+ cxd5 19. Re3 Bg4 20. Nd2 Re8
21. Qd3 Qa5 22. a3 Qb6 23. Nb3 Rac8 24. Rfe1 Rxe3 25. Qxe3 Qb5 26. h3 Bf5 27.
Nc5 Qxb2 28. g4 Be4 29. f3 b6 30. Nd3 Qxa3 31. fxe4 Re8 32. e5 fxe5 33. dxe5
Rd8 34. Qd4 Qb3 35. Rc1 a5 36. Kg2 h6 37. e6 Qa2+ 38. Nf2 Rf8 39. Rc7 Rf6 40.
Rc8+ Kh7 41. Qd3+ Rg6 42. e7 Qa4 {Hossa resigns} 1-0

[Event "ICS rated blitz match"]
[Site "204.178.125.65"]
[Date "2000.09.23"]
[Round "?"]
[White "Hossa"]
[Black "Varguz"]
[Result "0-1"]
[WhiteElo "2552"]
[BlackElo "2823"]
[PlyCount "77"]
[EventDate "2000.??.??"]

1. e4 c5 2. Nf3 e6 3. d4 cxd4 4. Nxd4 Nf6 5. Nc3 d6 6. Bc4 a6 7. Bb3 b5 8. O-O
Be7 9. Qf3 Qb6 10. Be3 Qb7 11. Qg3 b4 12. Na4 Nbd7 13. f3 O-O 14. Rad1 Kh8 15.
c3 bxc3 16. bxc3 Ne5 17. Nc2 Qc7 18. Nb6 Rb8 19. Nxc8 Rfxc8 20. Bd4 a5 21. Rfe1
Nh5 22. Qf2 Nf4 23. Qf1 Kg8 24. g3 Nfg6 25. f4 Qc6 26. fxe5 dxe5 27. Ba7 Rb7
28. Nd4 exd4 29. Bxd4 a4 30. Bc2 e5 31. Be3 Rb2 32. Bb1 Rcb8 33. Bd2 Bc5+ 34.
Kg2 Qb6 35. Kf3 Qd8 36. Qe2 R8b6 37. Rf1 Rd6 38. Bg5 Qxg5 39. Rd4 {
Hossa resigns} 0-1

[Event "ICS rated bullet match"]
[Site "204.178.125.65"]
[Date "2000.09.23"]
[Round "?"]
[White "Hossa"]
[Black "Varguz"]
[Result "0-1"]
[WhiteElo "2440"]
[BlackElo "2319"]
[PlyCount "108"]
[EventDate "2000.??.??"]

1. e4 Nf6 2. e5 Nd5 3. d4 d6 4. c4 Nb6 5. f4 dxe5 6. fxe5 Nc6 7. Be3 Bf5 8. Nc3
e6 9. Nf3 Be7 10. d5 exd5 11. cxd5 Nb4 12. Nd4 Bd7 13. e6 fxe6 14. dxe6 Bc6 15.
Qg4 Bh4+ 16. g3 Bxh1 17. O-O-O O-O 18. gxh4 Qf6 19. Be2 Qe5 20. Qg3 Qxg3 21.
hxg3 Bd5 22. Ndb5 Bxe6 23. Nxc7 Nxa2+ 24. Kc2 Nxc3 25. bxc3 Bf5+ 26. Kb3 Rac8
27. Bxb6 axb6 28. Nd5 Be6 29. Bc4 Kh8 30. Kb4 b5 31. Bxb5 Rcd8 32. c4 Rf3 33.
Re1 Bg8 34. Re7 Rxg3 35. Rxb7 Rg4 36. Ne3 Rxh4 37. Ra7 g5 38. Nf5 Rf4 39. Nh6
g4 40. Nxg8 Rxg8 41. Bc6 g3 42. Ra8 Rxa8 43. Bxa8 Rf2 44. Kc3 g2 45. Bxg2 Rxg2
46. Kd4 h5 47. Kd3 h4 48. Kc3 h3 49. Kd3 h2 50. Kc3 Rg4 51. c5 h1=Q 52. Kd2 Rg3
53. Ke2 Qh2+ 54. Kf1 Rg1# {Hossa checkmated} 0-1

[Event "ICS rated bullet match"]
[Site "204.178.125.65"]
[Date "2000.09.23"]
[Round "?"]
[White "Varguz"]
[Black "Hossa"]
[Result "1-0"]
[WhiteElo "2340"]
[BlackElo "2419"]
[PlyCount "121"]
[EventDate "2000.??.??"]

1. c4 Nf6 2. Nf3 e6 3. g3 d5 4. Bg2 dxc4 5. Qc2 Nc6 6. Qxc4 Qd5 7. Qa4 b5 8.
Qd1 b4 9. O-O Be7 10. Ne5 Qxg2+ 11. Kxg2 Nxe5 12. Kg1 O-O 13. a3 Bb7 14. d4 Nc6
15. e3 Ba6 16. Re1 bxa3 17. Nxa3 Nb4 18. Nc2 Bb7 19. Nxb4 Bxb4 20. Bd2 Bd6 21.
Qc2 Be4 22. Qc4 Rfb8 23. Bc3 Nd5 24. Ra5 Nxc3 25. bxc3 Rb2 26. Qa4 Rb7 27. Rd1
Bf3 28. Rf1 h5 29. c4 Bb4 30. Rb5 a5 31. Rxb7 Bxb7 32. Qd7 Rc8 33. e4 g5 34.
Ra1 g4 35. c5 Kg7 36. Ra4 Kg8 37. Ra2 Kg7 38. Re2 Ba6 39. Rc2 c6 40. Ra2 Bc3
41. Qa7 Bb5 42. Rc2 Bb4 43. Qb7 Rh8 44. Qc7 Kg6 45. e5 Re8 46. Qd7 Rh8 47. Qe7
Kg7 48. Rb2 Bd3 49. Rb3 Bg6 50. Qf6+ Kh7 51. Rb2 Ra8 52. Qe7 Bc3 53. Rb7 Bxd4
54. Qxe6 Rb8 55. Rxf7+ Kh6 56. Rf6 Rb1+ 57. Kg2 Rg1+ 58. Kxg1 Bxf2+ 59. Kxf2
Kh7 60. Rxg6 a4 61. Qg8# {Hossa checkmated} 1-0

[Event "ICS rated blitz match"]
[Site "204.178.125.65"]
[Date "2000.09.23"]
[Round "?"]
[White "Hossa"]
[Black "Valg"]
[Result "1-0"]
[WhiteElo "2546"]
[BlackElo "2500"]
[PlyCount "155"]
[EventDate "2000.??.??"]

1. e4 e5 2. Nf3 Nc6 3. Bc4 Bc5 4. c3 Nf6 5. d4 exd4 6. cxd4 Bb4+ 7. Nc3 Nxe4 8.
O-O Bxc3 9. d5 Bf6 10. Re1 Ne7 11. Rxe4 O-O 12. Bg5 Bxg5 13. Nxg5 Nf5 14. Qh5
h6 15. Nf3 Nd6 16. Rf4 Nxc4 17. Rxc4 Re8 18. Re1 Rxe1+ 19. Nxe1 d6 20. Nc2 Bd7
21. Rb4 Rb8 22. Rf4 Qe7 23. Ne3 c5 24. b3 b5 25. a3 c4 26. bxc4 bxc4 27. Qd1 c3
28. Rc4 Rc8 29. Qb3 Rxc4 30. Qxc4 Qe5 31. g3 g6 32. Qc7 Ba4 33. Qc8+ Kg7 34.
Qc4 Bd7 35. Qc7 Bf5 36. Qc4 Bb1 37. h3 h5 38. a4 g5 39. a5 Bh7 40. a6 Bg6 41.
g4 h4 42. Kf1 Be4 43. Ke2 Kh6 44. Kd1 Kg6 45. Kc1 f6 46. Qc8 Kg7 47. Qb7+ Kh6
48. Qa8 f5 49. gxf5 Bxf5 50. Qxa7 Bxh3 51. Qb6 Qf4 52. a7 Qa4 53. Qxd6+ Kh5 54.
Qb8 Qa1+ 55. Kc2 Qa2+ 56. Kxc3 Qa1+ 57. Kc2 Qa2+ 58. Kd3 Qa3+ 59. Ke2 Qa2+ 60.
Kf3 g4+ 61. Ke4 Qa4+ 62. Ke5 Qa1+ 63. Ke6 g3+ 64. Kf7 gxf2 65. a8=Q f1=Q+ 66.
Nxf1 Qxf1+ 67. Ke7 Qe1+ 68. Kd8 Bg2 69. Qf4 Qe4 70. Qxe4 Bxe4 71. Qa4 Bf3 72.
Qf4 Bd1 73. d6 Bg4 74. d7 h3 75. Ke7 Be2 76. d8=Q Bd3 77. Qxd3 h2 78. Qdf5# {
Valg resigns} 1-0

[Event "ICS Rated blitz match"]
[Site "204.178.125.65"]
[Date "2000.09.23"]
[Round "?"]
[White "Varguz"]
[Black "Hossa"]
[Result "1-0"]
[WhiteElo "2829"]
[BlackElo "2560"]
[Annotator "Fritz 6 (35s)"]
[PlyCount "139"]
[EventDate "2000.??.??"]

1. d4 {D37: Damengambit (5.Lf4)} 1... d5 2. c4 e6 3. Nc3 Nf6 4. Nf3 Be7 5. Bf4
dxc4 6. Qa4+ Nc6 7. Qxc4 Nd5 8. Bg3 Nb6 9. Qd3 Bd7 10. e4 O-O 11. O-O-O f5 12.
Qd2 fxe4 13. Nxe4 Be8 14. Nc5 Qd5 15. b4 Bh5 16. Be2 Rac8 17. a3 a5 18. Qe3 {
Nimmt den Isolani ins Visier} 18... Bg4 19. Qd2 axb4 (19... Bxf3 20. Bxf3 Rxf3
21. gxf3 axb4 22. axb4 Qc4+ 23. Qc2 Qxb4 24. Nb3 $17 (24. Nxe6 Ra8 25. Qb2 Qc4+
26. Kb1 Na4 $19)) 20. h3 Bxf3 21. Bxf3 Rxf3 22. gxf3 Bxc5 23. dxc5 Qxc5+ 24.
Qc2 Nc4 25. Rd7 bxa3 (25... Nxa3 $4 {den sollte Schwarz lieber stehen lassen}
26. Qxc5 Rf8 27. Rxc7 $18) 26. Rg1 Nd4 (26... a2 $142 {ist der schnellste Weg}
27. Be5 Qxe5 28. Rdxg7+ Qxg7 29. Rxg7+ Kxg7 30. Qxa2 N6a5 $19) 27. Bd6 Ne2+ (
27... Nxc2 $4 {zu materialistisch gespielt} 28. Rgxg7+ Kh8 29. Rxh7+ Kg8 30.
Rdg7#) (27... cxd6 $4 {Schwarz muss den Laeufer stehen lassen} 28. Rgxg7+ Kf8
29. Rg8+ Kxg8 30. Qxh7+ Kf8 31. Qh8#) 28. Qxe2 Nxd6+ (28... cxd6 $4 29. Rgxg7+
Kf8 30. Rdf7+ Ke8 31. Qxe6+ Kd8 32. Rd7#) 29. Qc2 Qxc2+ 30. Kxc2 g6 31. Re1 Nc4
32. Kb3 Nb6 33. Re7 Nd5 34. R7xe6 Rf8 35. Re8 Nf4 36. R1e7 Rxe8 37. Rxe8+ Kf7
38. Rh8 Kg7 39. Rd8 Ne6 40. Rd7+ Kg8 41. Kxa3 h5 42. Kb4 Kf8 43. Kc4 Ke8 44.
Rh7 Kd8 45. h4 Nf4 46. Rg7 Kc8 47. Rg8+ Kd7 48. Kd4 Ke7 49. Ke4 Kf7 50. Rc8 Ne6
51. Ke5 Ke7 52. f4 Kf7 53. f5 gxf5 54. Kxf5 Ke7 55. Rh8 Kf7 56. Ke5 Ng7 57. f4
Ne6 (57... b6 $18 {ist noch eine duenne Chance}) 58. Rh7+ Ng7 59. f5 Kg8 (59...
Kf8 60. f6 Ne8 61. Rxh5 Nd6 62. Rh8+ Kf7 63. Rh7+ Kg8 64. Rxc7 Nf7+ 65. Ke6
Nd8+ 66. Ke7 b6 67. Kxd8 Kh8 68. h5 Kg8 69. Ke8 Kh8 70. f7 Kg7 71. f8=Q#) 60.
f6 Kxh7 61. f7 Nf5 (61... Kg6 {aendert den Lauf der Dinge nicht} 62. f8=Q Nf5
63. Qxf5+ Kg7 64. Qf6+ Kh7 65. Qf7+ Kh6 66. Kf5 c5 67. Qg6#) 62. f8=Q Nh6 (
62... Nd6 {aendert nichts mehr} 63. Kf6 Ne4+ 64. Ke7 Nd6 65. Qf6 Nc8+ 66. Kf8
Nd6 67. Qg7#) 63. Qf4 Kg6 (63... Ng4+ {hilft auch nicht mehr} 64. Ke6 Kg7 65.
Qg5+ Kh7 66. Kf7 Nh6+ 67. Kf8 Nf5 68. Qxf5+ Kh6 69. Qf6+ Kh7 70. Qg7#) 64. Qg5+
Kh7 65. Kf6 Ng4+ 66. Kf7 Nh6+ 67. Kf8 Nf5 68. Qxf5+ Kh6 69. Qf6+ Kh7 70. Qg7#
1-0

[Event "ICS rated blitz match"]
[Site "204.178.125.65"]
[Date "2000.09.23"]
[Round "?"]
[White "Hossa"]
[Black "Varguz"]
[Result "0-1"]
[WhiteElo "2554"]
[BlackElo "2835"]
[Annotator "Fritz 6 (35s)"]
[PlyCount "98"]
[EventDate "2000.??.??"]

1. e4 {B19: Caro-Kann (Hauptvariante)} 1... c6 2. d4 d5 3. Nc3 dxe4 4. Nxe4 Bf5
5. Ng3 Bg6 6. h4 h6 7. Nf3 Nd7 8. h5 Bh7 9. Bd3 Bxd3 10. Qxd3 ({Nachteilig ist
} 10. cxd3 e6 $15) 10... Ngf6 11. Bd2 e6 12. O-O-O Be7 13. Rde1 Ng4 14. Qe2 O-O
15. Kb1 b5 16. Ne4 Nb6 17. Ba5 Qd5 18. Ned2 b4 19. Nb3 Nf6 20. g3 Nc4 21. Bc7
Rac8 22. Be5 Rfd8 23. Bxf6 Bxf6 24. Rd1 a5 25. g4 a4 26. Nbd2 Nd6 27. Qe3 (27.
g5 $5 hxg5 28. h6 $17) 27... c5 28. Qe2 cxd4 29. g5 hxg5 30. h6 a3 31. h7+ (31.
Nh2 $19) 31... Kh8 32. b3 (32. Nb3 Nb5 33. Rh5 axb2 34. Rd3 Nc3+ 35. Rxc3 dxc3
36. Rh1 $19) 32... Nb5 33. Qd3 Nc3+ 34. Kc1 g4 35. Nh2 Nxa2+ 36. Kb1 Nc3+ 37.
Ka1 Nxd1 38. Rxd1 Rc3 39. Nxg4 Rxd3 40. cxd3 Qf5 41. Nxf6 Qxd3 42. Nfe4 f5 43.
Rb1 (43. Rc1 {hilft allerdings auch nicht} 43... fxe4 44. Nxe4 Qxe4 45. Rd1 Qe2
46. Rb1 Qxf2 47. Rd1 Qb2#) 43... fxe4 44. Nc4 (44. Nxe4 {
nuetzt auch nichts mehr} 44... Qxe4 45. Rd1 Qe2 46. Rb1 Qxf2 47. Rd1 Qb2#)
44... Rf8 45. f3 (45. Ne5 {holt die Kuh nicht vom Eis} 45... Qc3+ 46. Ka2 Rxf2+
47. Rb2 Qxb2#) 45... Qc3+ 46. Ka2 Rxf3 {Belagert den Bauern b3} 47. Nb2 (47.
Nd6 {waere gleichermassen fruchtlos} 47... Rf2+ 48. Rb2 Qxb2#) 47... Qxb3+ 48.
Ka1 Rf2 49. Rc1 (49. Nd3 {macht keinen grossen Unterschied} 49... Qa2#) 49...
Qxb2# 0-1

[Event "ICS rated blitz match"]
[Site "204.178.125.65"]
[Date "2000.09.23"]
[Round "?"]
[White "Varguz"]
[Black "Hossa"]
[Result "1-0"]
[WhiteElo "2840"]
[BlackElo "2549"]
[Annotator "Fritz 6 (35s)"]
[PlyCount "69"]
[EventDate "2000.??.??"]

1. d4 {D30: Damengambit (ohne Sc3)} 1... d5 2. c4 e6 3. Nf3 Nf6 4. e3 c5 5.
dxc5 Bxc5 6. Be2 O-O 7. O-O Nc6 8. Nc3 dxc4 9. Qa4 Nb4 10. Bxc4 Bd7 11. Qd1 Qc7
12. a3 Nc6 13. Nb5 Qb8 14. b4 Be7 15. Bb2 Rd8 16. Qb1 a6 17. Nc3 Ng4 18. Be2
Bd6 {Im Brennpunkt: h2} (18... Nce5 $142 $5 {sieht gut aus} 19. Nxe5 Nxe5 $11)
19. Ng5 Bxh2+ 20. Kh1 Nf6 21. Nd5 exd5 22. Bxf6 g6 23. g3 Bxg3 24. fxg3 Qxg3
25. Qe1 Qxe1 26. Raxe1 Re8 27. e4 dxe4 28. Bc4 Rf8 29. Nxh7 Kxh7 (29... Rfc8
30. Ng5 Nd8 $18) 30. Rxe4 g5 31. Bd3 Kh6 (31... Kg6 {ist ein letzter Versuch}
32. Rg4+ Bf5 33. Rxf5 Rh8+ 34. Kg2 Rh5 $18) 32. Rh4+ gxh4 33. Rf4 Bf5 34. Bxf5
Nxb4 35. Rxh4# 1-0

[Event "ICS rated blitz match"]
[Site "204.178.125.65"]
[Date "2000.09.23"]
[Round "?"]
[White "Hossa"]
[Black "Varguz"]
[Result "0-1"]
[WhiteElo "2544"]
[BlackElo "2845"]
[Annotator "Fritz 6 (35s)"]
[PlyCount "124"]
[EventDate "2000.??.??"]

1. e4 {B01: Skandinavische Verteidigung} 1... d5 2. exd5 Qxd5 3. Nf3 Bg4 4. Be2
Nc6 5. Nc3 Qd7 6. h3 Bxf3 7. Bxf3 ({Schwaecher ist} 7. gxf3 Nd4 $17) 7... O-O-O
8. O-O Nd4 9. Bd5 Nf6 10. Bc4 b5 11. Bb3 e5 12. d3 {
Verhindert das Eindringen auf e4} 12... a5 13. Re1 a4 14. Rxe5 {
Weiss erlangt Initiative} 14... axb3 15. axb3 c5 16. Be3 Qc7 17. f4 Qc6 18. b4
(18. Ra5 Qc7 19. Ra1 Nc6 $15) 18... Nd7 19. Rh5 f5 20. bxc5 (20. Ra5 Nf6 21.
Bxd4 Nxh5 22. Nxb5 $16) 20... Bxc5 21. Kh1 g6 22. Rh6 Nf6 23. Bxd4 Bxd4 24. Ne2
Bxb2 25. Ra7 Kb8 26. Ra2 Ng8 27. Rxb2 Nxh6 28. Qa1 Nf7 29. Nc3 Rd7 (29... Qxc3
{Ablenkung von b5} 30. Rxb5+ {Motiv: Abzugsangriff}) 30. Nxb5 Rb7 31. c4 Re8
32. Kh2 Nd6 33. Nd4 Qc5 34. Ra2 Nc8 35. Ra5 Qd6 36. g3 Rb4 37. Qc3 Rb1 38. Qc2
(38. Ra2 $142 $19) 38... Ree1 39. Nf3 (39. Rd5 Qb6 40. Qg2 $19) 39... Rh1+ 40.
Kg2 {Weiss kommt nun an den Druecker} 40... Qc6 41. Rd5 Nb6 42. Qa2 Nxd5 43.
cxd5 {Der droht, unmittelbar vorzuruecken} 43... Qc1 44. Qe2 Rh2+ 45. Nxh2 Qh1+
46. Kf2 Qxh2+ 47. Kf3 Qh1+ 48. Kf2 Qg1+ 49. Kf3 Rf1+ 50. Qxf1 Qxf1+ 51. Ke3
Qxh3 52. Kf2 Qh2+ 53. Kf3 Kc7 54. d4 Kd6 55. Ke3 Qxg3+ 56. Kd2 h5 57. Kc2 h4
58. Kd2 (58. Kb2 {nuetzt auch nichts mehr} 58... h3 59. Kc2 h2 60. Kb2 h1=Q 61.
Kc2 Qhh2+ 62. Kd1 Qgg1#) 58... h3 59. Ke2 (59. Kc2 {
aendert nichts am Ausgang der Partie} 59... h2 60. Kb2 h1=Q 61. Kc2 Qhh2+ 62.
Kd1 Qgg1#) 59... h2 60. Kd2 h1=Q 61. Kc2 Qhh2+ 62. Kd1 Qgg1# 0-1

[Event "ICS rated blitz match"]
[Site "204.178.125.65"]
[Date "2000.09.23"]
[Round "?"]
[White "Varguz"]
[Black "Hossa"]
[Result "1-0"]
[WhiteElo "2850"]
[BlackElo "2539"]
[Annotator "Fritz 6 (35s)"]
[PlyCount "101"]
[EventDate "2000.??.??"]

1. c4 {A28: Englische Eroeffnung (Vierspringer-Variante)} 1... e5 2. Nc3 Nf6 3.
Nf3 Nc6 4. e3 Bb4 5. Qc2 O-O 6. Nd5 Re8 7. Qf5 d6 8. Nxf6+ gxf6 9. Qh5 d5 10.
a3 Bf8 11. d4 exd4 12. Bd3 h6 {Verwehrt dem Gegner g5} 13. O-O Ne5 14. Nxe5
Rxe5 15. Qf3 dxc4 16. Bxc4 c5 17. exd4 Qxd4 ({Schwaecher scheint} 17... cxd4
18. Qg3+ Kh8 19. Bf4 $16) 18. Qb3 Be6 19. Bxe6 fxe6 20. Qxb7 Qd5 21. Qa6 c4 22.
a4 Bc5 23. Bxh6 Bd4 24. Rad1 Kh8 25. Bg7+ Kxg7 {
Weiss darf Schwarz nun nicht zu Rg5 kommen lassen} 26. Rxd4 Qxd4 27. Qb7+ Kg6
28. Qxa8 Re2 29. Qg8+ Kh6 30. Qf8+ Kg6 31. Qc8 Kf5 32. Qe8 Qxb2 $2 (32... Rxb2
$142 33. Qh5+ Ke4 $16) 33. Qh5+ Ke4 (33... Kf4 34. Rd1 Rxf2 35. Qh4+ Ke5 36.
Qxf2 Qxf2+ 37. Kxf2 a6 $18) 34. Rd1 Rc2 (34... Rd2 {
aendert den Lauf der Dinge nicht} 35. Qf3+ Ke5 36. Qe3+ Kf5 37. Qxd2 Qxd2 38.
Rxd2 $18) 35. Qg4+ Ke5 36. f4+ Ke4 37. Qxe6+ Kxf4 {
Mit konkreter Absicht gespielt} 38. g3+ Kf3 39. Rf1+ Rf2 {Es droht Rxf1} 40.
Qf5+ Ke3 {Droht Matt} 41. Rxf2 {Uebt Druck auf den Isolani f6 aus} 41... Qa1+ (
41... Qe5 {hilft auch nicht mehr} 42. Qc2 Kd4 43. Qd2+ Kc5 44. Rf5 $18) 42. Rf1
Qxa4 (42... Qe5 {waere noch eine kleine Chance} 43. Re1+ Kd4 44. Qd7+ Kc3 45.
Rxe5 fxe5 46. Qxa7 Kd3 $18) 43. Qd5 Qb4 (43... Qa2 {holt die Kuh nicht vom Eis}
44. Qc5+ Kd2 45. Rf2+ Kc3 46. Rf3+ Kb2 47. Qb4+ Qb3 48. Rf2+ Kc1 49. Qd2+ Kb1
50. Rf1+ Qd1 51. Rxd1#) 44. Rf3+ Ke2 {
Wenn Schwarz nun zu Qc5 kommt, geht es ihm besser} 45. Qe4+ Kd1 {Droht Qc5} 46.
Rf1+ Qe1 47. Rxe1+ Kd2 48. Re2+ Kc3 49. Qe3+ Kb4 50. Rb2+ Ka5 (50... Ka4 {
waere gleichermassen fruchtlos} 51. Qxa7#) 51. Qa3# 1-0